000 00587nam a2200217 i 4500
001 C2-0028622
003 PPAK
005 20190630222015.0
008 970205s1985 enka|||| ||||| | eng d
040 _aPPAK
_beng
_cPPAK
_erda
082 0 4 _a941.085
_223
090 0 0 _a941.085
_bBUL
_dG
100 1 _aBullock, Alan,
_eauthor
245 1 0 _aErnest Bevin
264 1 _aOxford :
_bOxford University Press ,
_c1985
300 _axvi, 896 pages :
_billustrations ;
_c20 cm
336 _2rdacontent
_atext
337 _2rdamedia
_aunmediated
338 _2rdacarrier
_avolume
942 _ddc
_cB
999 _c5218
_d5218